000 00234 a2200097 4500
001 30841
100 _aSulaiman
245 _aRehmat-ul-Lilaalameen (Jild Awel)
260 _aLahore
_bIslamic Book Foundations
_c
090 _c20738
_d20738
942 _aNUST-CAE
_cM
_c11934
999 _c265914
_d265914